000 00940nam a2200205 i 4500
001 189983
003 ES-MaACL
005 20230906223617.0
008 200303s1968 sp |||| | spa d
080 _a331.152(043.2)
100 1 _aGorostiaga Achalandabaso, Luis Ángel.
_9169812
245 1 4 _aLas relaciones laborales en conexión con la participación del personal en la gestión de la empresa, en Francia, Alemania, Yugoslavia y la URSS /
_cLuis Ángel Gorostiaga Achalandabaso.
260 _aBarcelona :
_b[Universidad, Facultad de Derecho],
_c1968.
300 _a12 p. ;
_c24 cm.
502 _aTesis-Univ. Barcelona (Extracto)
594 _aPrecede al tít.: Universidad de Barcelona. Secretariado de Publicaciones, Intercambio Científico y Extensión Universitaria.
650 4 _aParticipación de los trabajadores.
_915852
710 2 _aUniversidad de Barcelona.
_bFacultad de Derecho.
_97147
852 4 _aES-MaACL
_jP-1414-3
999 _c189983
_d189983